[Event "DVM U10 2020"]
[Site "Magdeburg GER"]
[Date "2021.08.06"]
[Round "2"]
[White "Xue, Luka"]
[Black "Middendorf, Sven-Jonas"]
[Result "1-0"]
[Termination "normal"]
[Board "2.1"]
[WhiteElo "1496"]
[BlackElo "1407"]
[WhiteClock "00:15:20"]
[BlackClock "00:01:30"]
[WhiteTeam "Düsseldorfer Schachverein 1854"]
[BlackTeam "SV Hellas Nauen e.V."]
[PlyCount "105"]
[WhiteFideId "16277252"]
[BlackFideId "16287207"]
[EventCountry "GER"]
[EventRounds "7"]
[EventType "team-swiss"]
[EventDate "2021.08.06"]

1. d4 {[%clk 00:54:56]} {[%emt 00:00:14]} Nf6 {[%clk 00:55:03]} {[%emt
00:00:08]} 2. c4 {[%clk 00:54:55]} {[%emt 00:00:06]} e6 {[%clk 00:55:06]}
{[%emt 00:00:03]} 3. Nc3 {[%clk 00:54:41]} {[%emt 00:00:19]} d5 {[%clk
00:54:57]} {[%emt 00:00:13]} 4. cxd5 {[%clk 00:54:12]} {[%emt 00:00:34]} exd5
{[%clk 00:54:51]} {[%emt 00:00:11]} 5. Bg5 {[%clk 00:53:54]} {[%emt 00:00:23]}
Be6 {[%clk 00:52:37]} {[%emt 00:02:19]} 6. e3 {[%clk 00:53:21]} {[%emt
00:00:37]} h6 {[%clk 00:51:27]} {[%emt 00:01:16]} 7. Bh4 {[%clk 00:52:45]}
{[%emt 00:00:41]} Be7 {[%clk 00:49:49]} {[%emt 00:01:42]} 8. Bd3 {[%clk
00:51:44]} {[%emt 00:01:06]} Bg4 {[%clk 00:42:31]} {[%emt 00:07:23]} 9. f3
{[%clk 00:49:26]} {[%emt 00:02:24]} Be6 {[%clk 00:41:10]} {[%emt 00:01:26]} 10.
Nge2 {[%clk 00:47:28]} {[%emt 00:02:03]} Qd7 {[%clk 00:37:10]} {[%emt
00:04:05]} 11. O-O {[%clk 00:46:05]} {[%emt 00:01:28]} Ng4 {[%clk 00:31:48]}
{[%emt 00:05:27]} 12. Bf2 {[%clk 00:44:20]} {[%emt 00:01:50]} Nxf2 {[%clk
00:30:54]} {[%emt 00:00:59]} 13. Rxf2 {[%clk 00:44:07]} {[%emt 00:00:17]} Bg5
{[%clk 00:29:23]} {[%emt 00:01:36]} 14. f4 {[%clk 00:41:42]} {[%emt 00:02:31]}
Bh4 {[%clk 00:28:35]} {[%emt 00:00:53]} 15. g3 {[%clk 00:41:27]} {[%emt
00:00:21]} Bf6 {[%clk 00:28:32]} {[%emt 00:00:07]} 16. f5 {[%clk 00:41:12]}
{[%emt 00:00:20]} Bg5 {[%clk 00:23:12]} {[%emt 00:05:26]} 17. fxe6 {[%clk
00:38:17]} {[%emt 00:02:59]} Qxe6 {[%clk 00:21:19]} {[%emt 00:01:58]} 18. Nf4
{[%clk 00:37:42]} {[%emt 00:00:40]} Bxf4 {[%clk 00:20:59]} {[%emt 00:00:24]}
19. exf4 {[%clk 00:37:26]} {[%emt 00:00:22]} O-O {[%clk 00:20:39]} {[%emt
00:00:25]} 20. Qb3 {[%clk 00:35:37]} {[%emt 00:01:53]} Rd8 {[%clk 00:17:49]}
{[%emt 00:02:55]} 21. Qxb7 {[%clk 00:34:13]} {[%emt 00:01:29]} Nc6 {[%clk
00:17:38]} {[%emt 00:00:17]} 22. Re2 {[%clk 00:33:50]} {[%emt 00:00:29]} Qf6
{[%clk 00:16:34]} {[%emt 00:01:08]} 23. Re5 {[%clk 00:28:35]} {[%emt 00:05:20]}
Qd6 {[%clk 00:13:48]} {[%emt 00:02:50]} 24. Nb5 {[%clk 00:27:58]} {[%emt
00:00:42]} Qb4 {[%clk 00:12:56]} {[%emt 00:00:57]} 25. Qxc6 {[%clk 00:26:25]}
{[%emt 00:01:38]} a6 {[%clk 00:12:14]} {[%emt 00:00:47]} 26. Rae1 {[%clk
00:25:46]} {[%emt 00:00:44]} Rf8 {[%clk 00:10:22]} {[%emt 00:01:57]} 27. Qxa8
{[%clk 00:21:36]} {[%emt 00:04:15]} Rxa8 {[%clk 00:06:13]} {[%emt 00:04:14]}
28. Re8+ {[%clk 00:21:24]} {[%emt 00:00:18]} Qf8 29. Rxf8+ {[%clk 00:21:11]}
Rxf8 {[%clk 00:06:14]} {[%emt 00:00:04]} 30. Nxc7 {[%clk 00:20:58]} {[%emt
00:00:18]} f6 {[%clk 00:05:28]} {[%emt 00:00:53]} 31. Bg6 {[%clk 00:20:26]}
{[%emt 00:00:36]} a5 {[%clk 00:04:46]} {[%emt 00:00:47]} 32. Re8 {[%clk
00:20:11]} {[%emt 00:00:19]} Rxe8 {[%clk 00:04:45]} {[%emt 00:00:06]} 33. Nxe8
{[%clk 00:20:09]} {[%emt 00:00:07]} Kf8 {[%clk 00:04:43]} {[%emt 00:00:07]} 34.
Nc7 {[%clk 00:20:04]} {[%emt 00:00:10]} Ke7 {[%clk 00:04:42]} {[%emt 00:00:07]}
35. Nxd5+ {[%clk 00:20:02]} {[%emt 00:00:07]} Kd6 {[%clk 00:04:25]} {[%emt
00:00:20]} 36. Nb6 {[%clk 00:19:37]} {[%emt 00:00:31]} Kc6 {[%clk 00:04:20]}
{[%emt 00:00:11]} 37. Nc4 {[%clk 00:19:37]} {[%emt 00:00:04]} Kd5 {[%clk
00:04:19]} {[%emt 00:00:06]} 38. Bf7+ {[%clk 00:19:35]} {[%emt 00:00:07]} Kxd4
{[%clk 00:04:15]} {[%emt 00:00:09]} 39. Nxa5 {[%clk 00:19:37]} {[%emt
00:00:04]} Kc5 {[%clk 00:04:04]} {[%emt 00:00:15]} 40. a3 {[%clk 00:19:33]}
{[%emt 00:00:10]} Kb6 {[%clk 00:03:50]} {[%emt 00:00:18]} 41. b4 {[%clk
00:19:08]} {[%emt 00:00:31]} g5 {[%clk 00:03:45]} {[%emt 00:00:11]} 42. Nc4+
{[%clk 00:19:07]} {[%emt 00:00:06]} Kc6 {[%clk 00:03:29]} {[%emt 00:00:20]} 43.
a4 {[%clk 00:19:06]} {[%emt 00:00:06]} gxf4 {[%clk 00:03:15]} {[%emt 00:00:19]}
44. a5 {[%clk 00:19:04]} {[%emt 00:00:06]} fxg3 {[%clk 00:03:09]} {[%emt
00:00:11]} 45. Be8+ {[%clk 00:18:56]} {[%emt 00:00:13]} Kb7 {[%clk 00:03:07]}
{[%emt 00:00:06]} 46. b5 {[%clk 00:18:48]} {[%emt 00:00:14]} gxh2+ {[%clk
00:03:03]} {[%emt 00:00:09]} 47. Kxh2 {[%clk 00:18:48]} {[%emt 00:00:06]} Ka7
{[%clk 00:02:47]} {[%emt 00:00:19]} 48. b6+ {[%clk 00:18:42]} {[%emt 00:00:12]}
Kb7 {[%clk 00:02:44]} {[%emt 00:00:09]} 49. Bc6+ {[%clk 00:18:32]} {[%emt
00:00:15]} Ka6 {[%clk 00:02:30]} {[%emt 00:00:18]} 50. Bb5+ {[%clk 00:16:06]}
{[%emt 00:02:32]} Kb7 {[%clk 00:02:25]} {[%emt 00:00:10]} 51. a6+ {[%clk
00:16:02]} {[%emt 00:00:08]} Ka8 {[%clk 00:02:11]} {[%emt 00:00:18]} 52. a7
{[%clk 00:15:40]} {[%emt 00:00:28]} f5 {[%clk 00:01:30]} {[%emt 00:00:46]} 53.
Bc6# {[%clk 00:15:20]} {[%emt 00:00:18]} 1-0

[Event "DVM U10 2020"]
[Site "Magdeburg GER"]
[Date "2021.08.06"]
[Round "2"]
[White "Barthel, Jacob"]
[Black "Dell, Philip"]
[Result "0-1"]
[Termination "normal"]
[Board "2.2"]
[WhiteElo "1321"]
[BlackElo "1218"]
[WhiteClock "00:00:36"]
[BlackClock "00:01:48"]
[WhiteTeam "SV Hellas Nauen e.V."]
[BlackTeam "Düsseldorfer Schachverein 1854"]
[PlyCount "82"]
[WhiteFideId "16273346"]
[BlackFideId "34619585"]
[EventCountry "GER"]
[EventRounds "7"]
[EventType "team-swiss"]
[EventDate "2021.08.06"]

1. d4 {[%clk 00:55:07]} {[%emt 00:00:02]} d5 {[%clk 00:55:04]} {[%emt
00:00:07]} 2. Bf4 {[%clk 00:55:02]} {[%emt 00:00:10]} Nf6 {[%clk 00:55:00]}
{[%emt 00:00:08]} 3. Nf3 {[%clk 00:54:55]} {[%emt 00:00:13]} c5 {[%clk
00:54:16]} {[%emt 00:00:48]} 4. e3 {[%clk 00:54:33]} {[%emt 00:00:27]} Nc6
{[%clk 00:53:57]} {[%emt 00:00:25]} 5. Bd3 {[%clk 00:53:49]} {[%emt 00:00:50]}
c4 {[%clk 00:51:57]} {[%emt 00:02:04]} 6. Be2 {[%clk 00:53:40]} {[%emt
00:00:12]} e6 {[%clk 00:50:26]} {[%emt 00:01:37]} 7. c3 {[%clk 00:51:06]}
{[%emt 00:02:40]} Bd6 {[%clk 00:49:08]} {[%emt 00:01:22]} 8. Ne5 {[%clk
00:48:46]} {[%emt 00:02:25]} Bxe5 {[%clk 00:48:50]} {[%emt 00:00:23]} 9. dxe5
{[%clk 00:47:48]} {[%emt 00:01:03]} Nd7 {[%clk 00:45:12]} {[%emt 00:03:44]} 10.
Nd2 {[%clk 00:43:05]} {[%emt 00:04:48]} Ndxe5 {[%clk 00:44:02]} {[%emt
00:01:14]} 11. Nf3 {[%clk 00:37:39]} {[%emt 00:05:32]} Nxf3+ {[%clk 00:41:43]}
{[%emt 00:02:24]} 12. Bxf3 {[%clk 00:37:31]} {[%emt 00:00:13]} e5 {[%clk
00:38:33]} {[%emt 00:03:13]} 13. Bg3 {[%clk 00:36:16]} {[%emt 00:01:20]} Be6
{[%clk 00:37:07]} {[%emt 00:01:32]} 14. O-O {[%clk 00:34:04]} {[%emt 00:02:18]}
O-O {[%clk 00:36:40]} {[%emt 00:00:32]} 15. Qc2 {[%clk 00:32:19]} {[%emt
00:01:50]} Qd7 {[%clk 00:33:47]} {[%emt 00:02:58]} 16. Rad1 {[%clk 00:29:28]}
{[%emt 00:02:56]} Rad8 {[%clk 00:33:31]} {[%emt 00:00:21]} 17. Rd2 {[%clk
00:26:38]} {[%emt 00:02:55]} Bg4 {[%clk 00:27:02]} {[%emt 00:06:34]} 18. Rxd5
{[%clk 00:19:23]} {[%emt 00:07:20]} Qe6 {[%clk 00:21:56]} {[%emt 00:05:11]} 19.
Rxd8 {[%clk 00:13:52]} {[%emt 00:05:35]} Rxd8 {[%clk 00:20:58]} {[%emt
00:01:04]} 20. Bxg4 {[%clk 00:12:27]} {[%emt 00:01:30]} Qxg4 {[%clk 00:20:26]}
{[%emt 00:00:35]} 21. h3 {[%clk 00:09:14]} {[%emt 00:03:19]} Qh5 {[%clk
00:15:15]} {[%emt 00:05:16]} 22. b3 {[%clk 00:04:53]} {[%emt 00:04:27]} cxb3
{[%clk 00:14:28]} {[%emt 00:00:52]} 23. Qxb3 {[%clk 00:04:49]} {[%emt
00:00:08]} Na5 {[%clk 00:13:16]} {[%emt 00:01:17]} 24. Qb4 {[%clk 00:04:24]}
{[%emt 00:00:31]} e4 {[%clk 00:11:23]} {[%emt 00:01:58]} 25. Bc7 {[%clk
00:03:41]} {[%emt 00:00:49]} Rd5 {[%clk 00:10:25]} {[%emt 00:01:02]} 26. Bxa5
{[%clk 00:03:19]} {[%emt 00:00:26]} Rxa5 {[%clk 00:09:58]} {[%emt 00:00:32]}
27. Qxb7 {[%clk 00:02:51]} {[%emt 00:00:34]} h6 {[%clk 00:09:14]} {[%emt
00:00:48]} 28. Qa8+ {[%clk 00:02:44]} {[%emt 00:00:13]} Kh7 {[%clk 00:08:29]}
{[%emt 00:00:49]} 29. Qxe4+ {[%clk 00:02:39]} {[%emt 00:00:10]} Kg8 {[%clk
00:07:26]} {[%emt 00:01:08]} 30. Rb1 {[%clk 00:02:37]} {[%emt 00:00:07]} g6
{[%clk 00:04:28]} {[%emt 00:03:03]} 31. Rb8+ {[%clk 00:02:36]} {[%emt
00:00:07]} Kg7 {[%clk 00:04:22]} {[%emt 00:00:11]} 32. Rb7 {[%clk 00:02:22]}
{[%emt 00:00:19]} Qd1+ {[%clk 00:03:44]} {[%emt 00:00:42]} 33. Kh2 {[%clk
00:02:25]} {[%emt 00:00:02]} Qd6+ {[%clk 00:03:46]} {[%emt 00:00:03]} 34. g3
{[%clk 00:02:29]} {[%emt 00:00:01]} Rxa2 {[%clk 00:03:13]} {[%emt 00:00:38]}
35. Qf3 {[%clk 00:02:11]} {[%emt 00:00:24]} Qe6 {[%clk 00:02:41]} {[%emt
00:00:37]} 36. h4 {[%clk 00:01:59]} {[%emt 00:00:16]} Rc2 {[%clk 00:02:24]}
{[%emt 00:00:23]} 37. Qf4 {[%clk 00:01:52]} {[%emt 00:00:13]} a5 {[%clk
00:02:06]} {[%emt 00:00:22]} 38. h5 {[%clk 00:01:52]} {[%emt 00:00:05]} gxh5
{[%clk 00:01:52]} {[%emt 00:00:18]} 39. Qd4+ {[%clk 00:01:24]} {[%emt
00:00:34]} Qf6 {[%clk 00:01:51]} {[%emt 00:00:06]} 40. Qd3 {[%clk 00:00:56]}
{[%emt 00:00:33]} Qxf2+ {[%clk 00:01:49]} {[%emt 00:00:06]} 41. Kh3 {[%clk
00:00:36]} {[%emt 00:00:25]} Qh2# {[%clk 00:01:48]} {[%emt 00:00:01]} 0-1

[Event "DVM U10 2020"]
[Site "Magdeburg GER"]
[Date "2021.08.06"]
[Round "2"]
[White "Teng, David"]
[Black "Fadeev, Justin Michael"]
[Result "1/2-1/2"]
[Termination "normal"]
[Board "2.3"]
[WhiteElo "1380"]
[BlackElo "1293"]
[WhiteClock "00:13:47"]
[BlackClock "00:07:07"]
[WhiteTeam "Düsseldorfer Schachverein 1854"]
[BlackTeam "SV Hellas Nauen e.V."]
[PlyCount "46"]
[WhiteFideId "34604570"]
[BlackFideId "34602968"]
[EventCountry "GER"]
[EventRounds "7"]
[EventType "team-swiss"]
[EventDate "2021.08.06"]

1. e4 {[%clk 00:55:09]} c5 {[%clk 00:55:03]} {[%emt 00:00:08]} 2. Nf3 {[%clk
00:55:06]} {[%emt 00:00:07]} Nc6 {[%clk 00:54:53]} {[%emt 00:00:15]} 3. d4
{[%clk 00:55:06]} {[%emt 00:00:06]} cxd4 {[%clk 00:54:20]} {[%emt 00:00:37]} 4.
Nxd4 {[%clk 00:55:04]} {[%emt 00:00:07]} Nf6 {[%clk 00:53:42]} {[%emt
00:00:43]} 5. Nc3 {[%clk 00:53:33]} {[%emt 00:01:36]} g6 {[%clk 00:53:04]}
{[%emt 00:00:44]} 6. Be2 {[%clk 00:52:41]} {[%emt 00:00:56]} Bg7 {[%clk
00:51:45]} {[%emt 00:01:23]} 7. Be3 {[%clk 00:52:06]} {[%emt 00:00:37]} d5
{[%clk 00:49:18]} {[%emt 00:02:36]} 8. exd5 {[%clk 00:51:22]} {[%emt 00:00:49]}
Nxd5 {[%clk 00:48:58]} {[%emt 00:00:25]} 9. Bb5 {[%clk 00:48:09]} {[%emt
00:03:18]} Nxe3 {[%clk 00:45:21]} {[%emt 00:03:42]} 10. fxe3 {[%clk 00:46:57]}
{[%emt 00:01:15]} Bd7 {[%clk 00:39:36]} {[%emt 00:05:52]} 11. Nxc6 {[%clk
00:44:21]} {[%emt 00:02:40]} bxc6 {[%clk 00:39:26]} {[%emt 00:00:16]} 12. Bc4
{[%clk 00:41:32]} {[%emt 00:02:54]} O-O {[%clk 00:35:57]} {[%emt 00:03:35]} 13.
O-O {[%clk 00:40:44]} {[%emt 00:00:52]} Qc7 {[%clk 00:34:27]} {[%emt 00:01:35]}
14. Qe2 {[%clk 00:37:25]} {[%emt 00:03:22]} Rab8 {[%clk 00:31:02]} {[%emt
00:03:32]} 15. Rab1 {[%clk 00:34:08]} {[%emt 00:03:23]} Qa5 {[%clk 00:22:58]}
{[%emt 00:08:08]} 16. Bb3 {[%clk 00:30:53]} {[%emt 00:03:18]} Bxc3 {[%clk
00:22:12]} {[%emt 00:00:53]} 17. Qd3 {[%clk 00:26:58]} {[%emt 00:04:00]} Bd2
{[%clk 00:19:07]} {[%emt 00:03:10]} 18. Rbd1 {[%clk 00:23:13]} {[%emt
00:03:50]} Bxe3+ {[%clk 00:16:39]} {[%emt 00:02:33]} 19. Qxe3 {[%clk 00:22:51]}
{[%emt 00:00:26]} Bg4 {[%clk 00:16:18]} {[%emt 00:00:27]} 20. Rde1 {[%clk
00:20:18]} {[%emt 00:02:38]} Rbe8 {[%clk 00:14:40]} {[%emt 00:01:43]} 21. Kh1
{[%clk 00:16:38]} {[%emt 00:03:44]} Qc7 {[%clk 00:11:05]} {[%emt 00:03:40]} 22.
Qe4 {[%clk 00:15:09]} {[%emt 00:01:34]} Qd7 {[%clk 00:08:50]} {[%emt 00:02:21]}
23. Ba4 {[%clk 00:13:47]} {[%emt 00:01:27]} Bf5 {[%clk 00:07:07]} {[%emt
00:01:47]} 1-0

[Event "DVM U10 2020"]
[Site "Magdeburg GER"]
[Date "2021.08.06"]
[Round "2"]
[White "Dodul, Arthur"]
[Black "Kovalskyy, Alicia"]
[Result "1-0"]
[Termination "normal"]
[Board "2.4"]
[WhiteElo "1148"]
[BlackElo "794"]
[WhiteClock "00:02:29"]
[BlackClock "00:02:27"]
[WhiteTeam "SV Hellas Nauen e.V."]
[BlackTeam "Düsseldorfer Schachverein 1854"]
[PlyCount "113"]
[WhiteFideId "34609016"]
[BlackFideId "34612130"]
[EventCountry "GER"]
[EventRounds "7"]
[EventType "team-swiss"]
[EventDate "2021.08.06"]

1. f4 {[%clk 00:55:06]} {[%emt 00:00:04]} d5 {[%clk 00:54:58]} {[%emt
00:00:12]} 2. e3 {[%clk 00:55:05]} {[%emt 00:00:06]} e6 {[%clk 00:54:24]}
{[%emt 00:00:39]} 3. Nf3 {[%clk 00:54:45]} {[%emt 00:00:25]} Nf6 {[%clk
00:54:09]} {[%emt 00:00:19]} 4. b3 {[%clk 00:54:30]} {[%emt 00:00:21]} Nc6
{[%clk 00:53:43]} {[%emt 00:00:32]} 5. Bb5 {[%clk 00:54:21]} {[%emt 00:00:13]}
Bd7 {[%clk 00:53:40]} {[%emt 00:00:08]} 6. Bb2 {[%clk 00:53:57]} {[%emt
00:00:28]} a6 {[%clk 00:53:14]} {[%emt 00:00:32]} 7. Bxc6 {[%clk 00:53:51]}
{[%emt 00:00:11]} Bxc6 {[%clk 00:53:10]} {[%emt 00:00:10]} 8. O-O {[%clk
00:53:48]} {[%emt 00:00:08]} Be7 {[%clk 00:53:06]} {[%emt 00:00:09]} 9. d3
{[%clk 00:53:12]} {[%emt 00:00:40]} O-O {[%emt 00:01:07]} 10. Nbd2 {[%clk
00:52:40]} Qd7 {[%clk 00:51:33]} {[%emt 00:01:09]} 11. Qe1 {[%clk 00:52:19]}
{[%emt 00:00:28]} Rad8 {[%clk 00:50:40]} {[%emt 00:00:59]} 12. Qg3 {[%clk
00:51:13]} {[%emt 00:01:10]} Rfe8 {[%clk 00:48:26]} {[%emt 00:02:20]} 13. e4
{[%clk 00:50:31]} {[%emt 00:00:48]} g6 {[%clk 00:46:40]} {[%emt 00:01:51]} 14.
Rae1 {[%clk 00:49:31]} {[%emt 00:01:05]} Nh5 {[%clk 00:45:55]} {[%emt
00:00:48]} 15. Qf2 {[%clk 00:48:31]} {[%emt 00:01:04]} Bf6 {[%clk 00:44:11]}
{[%emt 00:01:51]} 16. Ne5 {[%clk 00:47:37]} {[%emt 00:00:56]} Qe7 {[%clk
00:43:29]} {[%emt 00:00:50]} 17. Ndf3 {[%clk 00:45:26]} {[%emt 00:02:16]} Bg7
{[%clk 00:41:01]} {[%emt 00:02:34]} 18. Nxc6 {[%clk 00:44:04]} {[%emt
00:01:26]} bxc6 {[%clk 00:41:02]} {[%emt 00:00:03]} 19. Bxg7 {[%clk 00:43:36]}
{[%emt 00:00:32]} Kxg7 {[%clk 00:40:07]} {[%emt 00:01:01]} 20. Ne5 {[%clk
00:42:59]} {[%emt 00:00:41]} Qd6 {[%clk 00:38:24]} {[%emt 00:01:51]} 21. Rd1
{[%clk 00:41:20]} {[%emt 00:01:44]} dxe4 {[%clk 00:37:45]} {[%emt 00:00:43]}
22. dxe4 {[%clk 00:41:09]} {[%emt 00:00:16]} Qxd1 {[%clk 00:37:19]} {[%emt
00:00:31]} 23. Kh1 {[%clk 00:39:19]} {[%emt 00:01:50]} Rd2 {[%clk 00:36:27]}
{[%emt 00:01:01]} 24. Qg1 {[%clk 00:38:20]} {[%emt 00:01:04]} Qe2 {[%clk
00:35:12]} {[%emt 00:01:22]} 25. Nf3 {[%clk 00:36:21]} {[%emt 00:02:00]} Rxc2
{[%clk 00:34:36]} {[%emt 00:00:42]} 26. Nd4 {[%clk 00:35:41]} {[%emt 00:00:47]}
Qxe4 {[%clk 00:33:55]} {[%emt 00:00:45]} 27. Nxc2 {[%clk 00:35:23]} {[%emt
00:00:24]} Qxc2 {[%clk 00:33:52]} {[%emt 00:00:07]} 28. Qd4+ {[%clk 00:34:42]}
{[%emt 00:00:47]} Kg8 {[%clk 00:32:20]} {[%emt 00:01:38]} 29. Qd7 {[%clk
00:33:56]} {[%emt 00:00:46]} Nf6 {[%clk 00:31:49]} {[%emt 00:00:41]} 30. Qxc7
{[%clk 00:33:11]} {[%emt 00:00:49]} Ne4 {[%clk 00:31:08]} {[%emt 00:00:46]} 31.
Qb6 {[%clk 00:32:04]} {[%emt 00:01:12]} c5 {[%clk 00:30:52]} {[%emt 00:00:22]}
32. Qc6 {[%clk 00:30:25]} {[%emt 00:01:44]} Rd8 {[%clk 00:30:37]} {[%emt
00:00:20]} 33. Qxa6 {[%clk 00:25:55]} {[%emt 00:04:34]} Rd4 {[%clk 00:26:23]}
{[%emt 00:04:20]} 34. Qb5 {[%clk 00:08:33]} {[%emt 00:17:26]} Rd8 {[%clk
00:23:16]} {[%emt 00:03:12]} 35. a4 {[%clk 00:07:44]} {[%emt 00:00:54]} Kg7
{[%clk 00:22:58]} {[%emt 00:00:24]} 36. Re1 {[%clk 00:06:06]} {[%emt 00:01:40]}
Nc3 {[%clk 00:21:11]} {[%emt 00:01:55]} 37. Qf1 {[%clk 00:04:41]} {[%emt
00:01:29]} Qxb3 {[%clk 00:19:56]} {[%emt 00:01:20]} 38. h3 {[%clk 00:04:28]}
{[%emt 00:00:17]} Nd1 {[%clk 00:19:08]} {[%emt 00:00:54]} 39. Kh2 {[%clk
00:04:11]} {[%emt 00:00:21]} Ne3 {[%clk 00:18:41]} {[%emt 00:00:34]} 40. Qe2
{[%clk 00:03:56]} {[%emt 00:00:16]} Nf5 {[%clk 00:17:02]} {[%emt 00:01:47]} 41.
Qe5+ {[%clk 00:03:48]} {[%emt 00:00:10]} Kg8 {[%clk 00:16:04]} {[%emt
00:01:06]} 42. a5 {[%clk 00:03:24]} {[%emt 00:00:30]} Rd1 {[%clk 00:15:25]}
{[%emt 00:00:43]} 43. Rxd1 {[%clk 00:03:22]} {[%emt 00:00:07]} Qxd1 {[%clk
00:15:07]} {[%emt 00:00:23]} 44. Qb8+ {[%clk 00:03:27]} {[%emt 00:00:01]} Kg7
{[%clk 00:14:59]} {[%emt 00:00:13]} 45. Qe5+ {[%clk 00:03:30]} {[%emt
00:00:02]} Kh6 {[%clk 00:14:50]} {[%emt 00:00:12]} 46. Qxc5 {[%clk 00:03:27]}
{[%emt 00:00:09]} Qd8 {[%clk 00:13:18]} {[%emt 00:01:38]} 47. a6 {[%clk
00:03:18]} {[%emt 00:00:12]} Qb8 {[%clk 00:10:34]} {[%emt 00:02:50]} 48. Qc4
{[%clk 00:03:04]} {[%emt 00:00:32]} Qa8 {[%clk 00:09:12]} {[%emt 00:01:25]} 49.
Qc5 {[%clk 00:02:34]} {[%emt 00:00:34]} Nh4 {[%clk 00:08:43]} {[%emt 00:00:35]}
50. Qf2 {[%clk 00:02:28]} {[%emt 00:00:09]} Nf5 {[%clk 00:08:04]} {[%emt
00:00:46]} 51. a7 {[%clk 00:02:31]} {[%emt 00:00:02]} Nd6 {[%clk 00:04:49]}
{[%emt 00:03:16]} 52. Qb6 {[%clk 00:02:26]} {[%emt 00:00:10]} Nb7 {[%clk
00:04:29]} {[%emt 00:00:10]} 53. Qc7 {[%clk 00:02:21]} {[%emt 00:00:24]} Qxa7
{[%clk 00:04:24]} {[%emt 00:00:13]} 54. Qxf7 {[%clk 00:02:25]} Qb8 {[%clk
00:03:09]} {[%emt 00:01:19]} 55. g4 {[%clk 00:02:26]} {[%emt 00:00:08]} Nd6
{[%clk 00:02:27]} {[%emt 00:00:40]} 56. g5+ {[%clk 00:02:29]} Kh5 {[%emt
00:00:13]} 57. Qxh7# {[%clk 00:02:29]} {[%emt 00:00:02]} Qd8 {[%emt 00:00:15]}
1-0